Manifiesto que hace el doctor don Salvador Collados contra el atentado ruidoso de algunos profesores thomistas...

Detalles Bibliográficos
Autor principal: COLLADOS, Salvador José
Formato: Libro
Materias:
Colección:Banco de datos
Acervo:Biblioteca del Museo Regional de Querétaro. INAH. Querétaro
Tema general:Derecho Eclesiástico
Notas:Regular. Encuadernado con Respuesta al precursor... 3K5, 5.
LEADER 00737nam a22001810004500
035 |a 22279 
036 |a 764 
100 1 |a COLLADOS, Salvador José 
245 1 0 |a Manifiesto que hace el doctor don Salvador Collados contra el atentado ruidoso de algunos profesores thomistas... 
500 |a Regular. Encuadernado con Respuesta al precursor... 3K5, 5. 
650 1 0 |a Derecho Eclesiástico 
949 |a C.R.Q. 
959 |a Ex convento Grande de San Francisco de la ciudad de Querétaro, Museo Regional de Querétaro  |b CCC2 
960 |a Convento Grande de San Francisco de la ciudad de Querétaro  |b DD68 
961 |a Franciscana  |b OF 
942 |c C.R.Q. 
943 |g Biblioteca del Museo Regional de Querétaro. INAH. Querétaro 
999 |c 978595  |d 978595